000 00849cam a2200253 4500
001 WB3617-07
008 000000n2000 000 0 eng u
035 _a(Sirsi) u105786
245 _aIreland - returns for first quarter
260 _c2000
490 _aIrish Times
_v3 May 2000, 1(1)
520 _aIPD figures suggest that the Irish commercial property market is showing strong growth, with overall returns for 1Q 2000 hitting 5.1%, making the figure for the last 12 months 28.2%.
590 _aWB
650 _aIPD
650 _aIRISH REPUBLIC
650 _aINDUSTRIAL SECTOR
650 _aRETAIL SECTOR
650 _aOFFICE SECTOR
650 _aCAPITAL VALUES
650 _aINVESTMENT MARKET
650 _aPROPERTY RETURNS
690 _aPROPERTY-COMMERCIAL PROPERTY-COMMERCIAL PROPERTY FINANCE AND INVESTMENT
942 _n0
999 _c63343
_d63343